000 00635nam a22001937a 4500
005 20251108165228.0
008 250721s1999 xx 000 0 ara d
082 1 4 _a551.4/حسن
100 1 _aحسن، محمد إبراهيم
245 1 0 _aالتصحر :
_bأنواعه و عوامله و مظاهره الجغرافية و مدى مقاومته /
264 1 _aالإسكندريه :
_bمركز الإسكندريه للكتاب،
_c1999.
300 _a412ص
650 1 7 _aالصحاري
650 1 7 _aأشكال الأراضي
650 1 7 _aالتضاريس
650 1 7 _aالتلوث
942 _2ddc
_cBK
999 _c22675
_d22675